[Event "CN Individual masc."]
[Site "Brasov"]
[Date "2004.11.20"]
[Round "1.1"]
[White "Sofronie, Iulian"]
[Black "Dobre, Claudiu Cristian"]
[Result "1-0"]
[WhiteElo "2452"]
[BlackElo "2264"]
[PlyCount "51"]
[EventDate "2004.11.22"]
[EventType "k.o."]
[EventRounds "5"]
[EventCountry "ROM"]

1. e4 c6 2. c4 d5 3. cxd5 cxd5 4. exd5 Nf6 5. Nc3 g6 6. Bc4 Bg7 7. Nf3 O-O 8.
O-O Nbd7 9. d3 Nb6 10. Qb3 Bg4 11. Ne5 Bf5 12. Re1 Nc8 13. Bf4 Nd6 14. a4 Rc8
15. a5 Nd7 16. Nxd7 Qxd7 17. Be3 Ra8 18. Ne2 Rfc8 19. Bd4 Bxd4 20. Nxd4 Rc7 21.
Qb4 Rac8 22. b3 a6 23. Re3 Bg4 24. Rae1 Qd8 25. h3 Bd7 26. Rxe7 1-0

[Event "CN Individual masc."]
[Site "Brasov"]
[Date "2004.11.21"]
[Round "1.2"]
[White "Dobre, Claudiu Cristian"]
[Black "Sofronie, Iulian"]
[Result "1/2-1/2"]
[WhiteElo "2264"]
[BlackElo "2452"]
[PlyCount "67"]
[EventDate "2004.11.22"]
[EventType "k.o."]
[EventRounds "5"]
[EventCountry "ROM"]

1. d4 Nf6 2. c4 g6 3. Nc3 Bg7 4. e4 d6 5. h3 O-O 6. Bd3 Ne8 7. Be3 e5 8. d5 f5
9. g4 f4 10. Bd2 c5 11. f3 Bf6 12. Kf1 Bh4 13. a3 Na6 14. Rb1 Bd7 15. Bc2 Rb8
16. Ba4 Nec7 17. Bxd7 Qxd7 18. a4 Nb4 19. Nge2 a6 20. Kg2 b6 21. Qb3 Rb7 22.
Na2 a5 23. Bxb4 cxb4 24. Qc2 Na6 25. Nac1 Nc5 26. b3 Qc8 27. Ng1 h5 28. Qe2 Rh7
29. Nd3 Nxd3 30. Qxd3 Qc5 31. Rb2 Kg7 32. Ra2 Rfh8 33. Rc2 Rf8 34. Ra2 1/2-1/2

[Event "Memorial Paul Diaconescu"]
[Site "Ploiesti"]
[Date "2004.02.09"]
[Round "6"]
[White "Dobre, Claudiu Cristian"]
[Black "Sandulescu, Gheorghe"]
[Result "1-0"]
[WhiteElo "2158"]
[BlackElo "1983"]
[Annotator "Anuta  Laurentiu"]
[PlyCount "79"]
[EventDate "2004.02.07"]
[EventType "swiss"]
[EventRounds "10"]

1. d4 d5 2. c4 dxc4 3. Nf3 Nf6 4. Nc3 Nc6 5. e4 Bg4 6. d5 Ne5 7. Qd4 Nxf3+ 8.
gxf3 Bxf3 9. Rg1 e6 10. Rg3 Bh5 11. Bxc4 c6 12. Bg5 Be7 13. Bxf6 gxf6 14. Rd3
Rg8 15. Kf1 Qd6 16. dxe6 Qxh2 17. exf7+ Bxf7 18. Bxf7+ Kxf7 19. Qc4+ Kf8 20.
Ke2 Rg2 21. Rf3 Rd8 22. Qe6 Qd6 23. Qxd6 Rxd6 24. Rd1 Rxd1 25. Nxd1 Rg5 26. b3
Kf7 27. Ne3 Ke6 28. Rh3 h5 29. Nf5 Bc5 30. Rxh5 Ke5 31. Ng3 Rxh5 32. Nxh5 Bd4
33. f3 f5 34. Kd3 fxe4+ 35. fxe4 b5 36. Ng3 a5 37. Nf5 Bc5 38. Nh4 Kf6 39. Nf3
Ke7 40. e5 1-0

[Event "Memorial Paul Diaconescu"]
[Site "Ploiesti"]
[Date "2004.02.09"]
[Round "7"]
[White "Stanculescu, Claudiu"]
[Black "Dobre, Claudiu Cristian"]
[Result "0-1"]
[WhiteElo "2119"]
[BlackElo "2158"]
[Annotator "Anuta  Laurentiu"]
[PlyCount "152"]
[EventDate "2004.02.07"]
[EventType "swiss"]
[EventRounds "10"]

1. e4 c6 2. d4 d5 3. exd5 cxd5 4. c4 Nf6 5. Nc3 e6 6. Nf3 Bb4 7. cxd5 Nxd5 8.
Bd2 Nc6 9. Bd3 O-O 10. O-O Be7 11. a3 Bf6 12. Qc2 g6 13. Bh6 Re8 14. Rad1 Nxc3
15. bxc3 b6 16. Bb5 Bb7 17. Ne5 Rc8 18. Qa4 Qd6 19. Bf4 Qd5 20. f3 Bxe5 21.
Bxe5 Nxe5 22. Bxe8 Nc4 23. Rde1 a6 24. Qd7 Qxd7 25. Bxd7 Rc7 26. Ba4 Nxa3 27.
Rc1 Nc4 28. Kf2 Nb2 29. Bc2 Rxc3 30. Be4 Nd3+ 31. Bxd3 Rxd3 32. Rc7 Bd5 33. Rb1
b5 34. Ra1 Rxd4 35. Rxa6 Rd2+ 36. Kg3 b4 37. Kf4 b3 38. Raa7 b2 39. Rc8+ Kg7
40. Rb8 Rxg2 41. h4 Rf2 42. Ra3 h5 43. Kg3 Rd2 44. Kf4 Kf6 45. Rb6 Ba2 46. Rxa2
b1=Q 47. Rxb1 Rxa2 48. Rb5 Ra4+ 49. Kg3 e5 50. Rd5 e4 51. fxe4 Rxe4 52. Ra5 Rd4
53. Rb5 Ke6 54. Ra5 f6 55. Ra6+ Rd6 56. Ra5 Rd3+ 57. Kg2 Rd5 58. Ra6+ Kf5 59.
Ra7 g5 60. Rh7 Kg4 61. Rh6 Rd2+ 62. Kf1 Kxh4 63. Rxf6 Kg3 64. Ra6 Rf2+ 65. Kg1
g4 66. Ra3+ Rf3 67. Ra2 h4 68. Rg2+ Kf4 69. Ra2 g3 70. Kg2 Kg4 71. Ra4+ Rf4 72.
Ra2 h3+ 73. Kg1 h2+ 74. Kg2 Rf2+ 75. Rxf2 gxf2 76. Kxh2 f1=R 0-1

[Event "Memorial Paul Diaconescu"]
[Site "Ploiesti"]
[Date "2004.02.12"]
[Round "8"]
[White "Dobre, Claudiu Cristian"]
[Black "Anuta, Laurentiu "]
[Result "1-0"]
[WhiteElo "2158"]
[BlackElo "2078"]
[Annotator "Anuta  Laurentiu"]
[PlyCount "117"]
[EventDate "2004.02.07"]
[EventType "swiss"]
[EventRounds "10"]

1. d4 Nf6 2. c4 e6 3. Nc3 c5 4. d5 d6 5. e4 a6 6. f4 exd5 7. cxd5 b5 8. e5 Ng4
9. e6 Nh6 10. exf7+ Nxf7 11. Nf3 Be7 12. Ne4 Bf5 13. Ng3 Bg4 14. Be2 Nd7 15.
O-O O-O 16. a4 b4 17. a5 Bf6 18. Nd2 Bxe2 19. Qxe2 Bd4+ 20. Kh1 Re8 21. Qf3 Re3
22. Qd1 Qf6 23. Nde4 Rxe4 24. Nxe4 Qf5 25. Ng3 Qxd5 26. Be3 Rb8 27. Ne2 Rb5 28.
Bxd4 cxd4 29. Nxd4 Rxa5 30. Nc6 Rxa1 31. Ne7+ Kf8 32. Nxd5 Rxd1 33. Rxd1 Nc5
34. Nxb4 a5 35. Nd3 Nb3 36. Re1 Nd8 37. g4 Kf7 38. f5 g6 39. fxg6+ hxg6 40. h4
Nd4 41. Re4 N8e6 42. Nf4 Kf6 43. Kg2 Nxf4+ 44. Rxf4+ Ke5 45. Rxd4 Kxd4 46. h5
gxh5 47. gxh5 Ke5 48. h6 Kf6 49. Kf3 Kg6 50. Ke4 Kxh6 51. Kd5 Kg6 52. Kxd6 Kf6
53. Kc5 Ke7 54. Kb5 Kd6 55. Kxa5 Kc5 56. b4+ Kc6 57. Ka6 Kc7 58. b5 Kb8 59. Kb6
1-0

[Event "Memorial Paul Diaconescu"]
[Site "PLOIESTI"]
[Date "2004.01.31"]
[Round "1"]
[White "Dobre, Claudiu Cristian"]
[Black "Popa, Marian"]
[Result "1-0"]
[WhiteElo "2158"]
[BlackElo "2034"]
[Annotator "Anuta  Laurentiu"]
[PlyCount "71"]
[EventDate "2004.01.31"]
[EventType "swiss"]
[EventRounds "3"]

1. d4 Nf6 2. c4 e6 3. Nc3 c5 4. d5 exd5 5. cxd5 d6 6. e4 g6 7. Bb5+ Bd7 8. a4
a6 9. Bxd7+ Nbxd7 10. f4 Bg7 11. Nf3 O-O 12. O-O Re8 13. Re1 Qc7 14. e5 dxe5
15. d6 Qc6 16. fxe5 Ng4 17. Nd5 Ndxe5 18. Ne7+ Rxe7 19. dxe7 Nxf3+ 20. gxf3
Bd4+ 21. Kg2 Re8 22. Rb1 Nf2 23. Qe2 Qd7 24. Be3 Nh3 25. Qd2 Qf5 26. Bxd4 Nf4+
27. Kh1 cxd4 28. Qxd4 Nd3 29. Re3 Nf2+ 30. Kg2 Qxb1 31. Qd8 Qh1+ 32. Kxf2 Qxh2+
33. Kf1 Qh1+ 34. Ke2 Qg2+ 35. Kd3 Qf1+ 36. Kd2 1-0

[Event "Memorial Paul Diaconescu"]
[Site "PLOIESTI"]
[Date "2004.02.01"]
[Round "2"]
[White "Seder, Nicolae"]
[Black "Dobre, Claudiu Cristian"]
[Result "0-1"]
[WhiteElo "2189"]
[BlackElo "2158"]
[Annotator "Anuta  Laurentiu"]
[PlyCount "70"]
[EventDate "2004.01.31"]
[EventType "swiss"]
[EventRounds "3"]

1. e4 c6 2. Nc3 d5 3. Nf3 Bg4 4. exd5 cxd5 5. h3 Bxf3 6. Qxf3 e6 7. Bb5+ Nc6 8.
O-O Nf6 9. Re1 Be7 10. d4 O-O 11. Ne2 Nb4 12. Bd3 Nxd3 13. Qxd3 Ne4 14. c3 Qc7
15. Bf4 Bd6 16. g3 b5 17. Bxd6 Nxd6 18. Nf4 Rab8 19. Kg2 b4 20. cxb4 Rxb4 21.
b3 Qb6 22. Ne2 a5 23. Rec1 Rb8 24. Rc2 a4 25. bxa4 g6 26. Rac1 Nc4 27. h4 h6
28. h5 g5 29. Rf1 Rb2 30. Rfc1 Rb4 31. Rf1 Rxa4 32. Nc3 Ra3 33. f4 g4 34. f5 e5
35. Rb1 Qxb1 0-1

[Event "Memorial Paul Diaconescu"]
[Site "PLOIESTI"]
[Date "2004.02.03"]
[Round "3"]
[White "Dobre, Claudiu Cristian"]
[Black "Pepene, Gheorghe"]
[Result "1-0"]
[WhiteElo "2158"]
[BlackElo "2153"]
[Annotator "Anuta  Laurentiu"]
[PlyCount "67"]
[EventDate "2004.01.31"]
[EventType "swiss"]
[EventRounds "3"]

1. d4 Nf6 2. c4 g6 3. Nc3 Bg7 4. e4 d6 5. Nf3 O-O 6. Be2 e5 7. O-O exd4 8. Nxd4
Re8 9. f3 Nc6 10. Nc2 Nd7 11. Be3 b6 12. Qd2 Nc5 13. Rad1 Be6 14. b4 Nd7 15. f4
f5 16. exf5 Bxf5 17. Nd5 Bxc2 18. Qxc2 Nxb4 19. Nxb4 Rxe3 20. Bf3 Rc8 21. Bb7
Rb8 22. Nc6 Qe8 23. Nxb8 Nxb8 24. Bd5+ Kh8 25. f5 Re2 26. Qd3 Re3 27. Qd2 gxf5
28. Rxf5 Nd7 29. Bc6 Re7 30. Rdf1 Qg6 31. Qf4 Be5 32. Qh4 Nf6 33. Rxe5 Rxe5 34.
Rxf6 1-0

[Event "Memorial  Paul  Diaconescu"]
[Site "?"]
[Date "2004.02.15"]
[Round "10"]
[White "Dobre, Claudiu Cristian"]
[Black "Telea, Stefan"]
[Result "1-0"]
[WhiteElo "2158"]
[BlackElo "2169"]
[Annotator "Anuta  Laurentiu"]
[PlyCount "107"]
[EventDate "2004.??.??"]
[EventType "team"]

1. d4 Nf6 2. c4 e6 3. Nc3 Bb4 4. f3 d5 5. a3 Bd6 6. e4 dxe4 7. fxe4 Nxe4 8.
Nxe4 Qh4+ 9. Nf2 c5 10. Nf3 Qe7 11. Ne4 O-O 12. Be3 cxd4 13. Bxd4 Nc6 14. Bf6
gxf6 15. Qxd6 f5 16. Qxe7 Nxe7 17. Nd6 Ng6 18. g3 Bd7 19. Bg2 Bc6 20. O-O f4
21. b4 Rad8 22. c5 b6 23. Nd4 Bxg2 24. Kxg2 bxc5 25. bxc5 fxg3 26. hxg3 Ne5 27.
Rab1 Nd3 28. Nc6 Rd7 29. Nb7 Rc7 30. Nxa7 Ra8 31. Rfd1 Rxa7 32. Nd6 Ne1+ 33.
Rxe1 Rxc5 34. Re3 Rc2+ 35. Kf3 Rd2 36. Nc4 Rc2 37. Rb4 Rc7 38. Nb2 R7c5 39. a4
Rf5+ 40. Ke4 Rg5 41. Nc4 Kg7 42. a5 Ra2 43. Kd3 Rg4 44. Kc3 Ra1 45. Kb3 Rd4 46.
Na3 Rd6 47. Rb6 Rdd1 48. Rc6 Rd2 49. a6 Rda2 50. Ka4 Rd2 51. a7 Rd8 52. Ra6 Ra8
53. Rb3 Rd1 54. Rb8 1-0

[Event "Memorial   Emil  Macarie"]
[Site "PLOIESTI"]
[Date "2003.12.11"]
[Round "8.4"]
[White "Telea, Stefan"]
[Black "Dobre, Claudiu Cristian"]
[Result "0-1"]
[WhiteElo "2169"]
[BlackElo "2154"]
[Annotator "AL"]
[PlyCount "60"]
[EventDate "2003.12.09"]
[EventType "tourn"]
[EventRounds "9"]
[EventCountry "ROM"]

1. d4 c6 2. c4 d5 3. Nc3 Nf6 4. Nf3 e6 5. e3 Nbd7 6. Bd3 Bd6 7. O-O O-O 8. e4
dxc4 9. Bxc4 e5 10. Bg5 Qc7 11. Rc1 Qb8 12. h3 a6 13. Qb3 b5 14. Bxf6 Nxf6 15.
Bxf7+ Rxf7 16. Ng5 Qa7 17. dxe5 Bxe5 18. Rfd1 g6 19. Rd8+ Kg7 20. Rcd1 h6 21.
Nxf7 Qxf7 22. Qb4 Nd7 23. Qa5 Bf6 24. Rxc8 Rxc8 25. Qxa6 Rc7 26. Qa5 Nc5 27. f4
Ne6 28. Qb4 Be7 29. Qb3 Qxf4 30. Rf1 Bc5+ 0-1

[Event "Memorial  Emil  Macarie"]
[Site "PLOIESTI"]
[Date "2003.11.29"]
[Round "1.5"]
[White "Anuta, Laurentiu "]
[Black "Dobre, Claudiu Cristian"]
[Result "0-1"]
[WhiteElo "2093"]
[BlackElo "2154"]
[Annotator "AL"]
[PlyCount "128"]
[EventDate "2003.12.01"]
[EventType "tourn"]
[EventRounds "4"]
[EventCountry "ROM"]

1. e4 c6 2. d4 d5 3. e5 Bf5 4. Nc3 e6 5. g4 Bg6 6. h4 h5 7. g5 c5 8. Be3 Ne7 9.
Nge2 Nec6 10. Nf4 Bf5 11. Nxh5 cxd4 12. Bxd4 Nxd4 13. Qxd4 Rxh5 14. Bb5+ Nc6
15. Qa4 Qb6 16. O-O-O O-O-O 17. Bxc6 bxc6 18. Ne2 Be4 19. Rh3 Qb5 20. Qxb5 cxb5
21. Ng3 Bf5 22. Nxf5 exf5 23. f4 b4 24. c3 a5 25. Kc2 Kc7 26. a3 bxa3 27. bxa3
Bc5 28. a4 Kc6 29. Rd2 d4 30. cxd4 Bb4 31. Rd1 Kd5 32. Kd3 Rc8 33. Ke2 Rc2+ 34.
Kf3 Bd2 35. Rh2 Rc3+ 36. Ke2 Bxf4 37. Rhh1 Re3+ 38. Kf2 Ra3 39. Ke2 Rxa4 40.
Kf3 Bxe5 41. dxe5+ Kxe5 42. Rhe1+ Re4 43. Rxe4+ fxe4+ 44. Kg4 Rh8 45. Rf1 Ra8
46. Rxf7 a4 47. Re7+ Kd4 48. Rxg7 a3 49. Rd7+ Ke3 50. Rd1 a2 51. Ra1 Kf2 52. g6
e3 53. g7 e2 54. Rxa2 Rxa2 55. g8=Q Ra4+ 56. Kg5 e1=Q 57. Qf7+ Kg2 58. Qd5+ Re4
59. Kf5 Kf3 60. Qd3+ Re3 61. Qd5+ Kg3 62. h5 Rf3+ 63. Kg6 Qe8+ 64. Kg5 Qe7+ 0-1

[Event "Memorial  Emil  Macarie"]
[Site "PLOIESTI"]
[Date "2003.11.30"]
[Round "2.1"]
[White "Dobrin, Catalin"]
[Black "Dobre, Claudiu Cristian"]
[Result "0-1"]
[WhiteElo "2028"]
[BlackElo "2154"]
[Annotator "AL"]
[PlyCount "112"]
[EventDate "2003.12.01"]
[EventType "tourn"]
[EventRounds "4"]
[EventCountry "ROM"]

1. d4 c6 2. c4 d5 3. Nf3 Nf6 4. Nc3 e6 5. cxd5 exd5 6. Bg5 Nbd7 7. e3 Be7 8.
Bd3 O-O 9. Qc2 h6 10. Bh4 Ne8 11. Bxe7 Qxe7 12. O-O Nd6 13. Na4 Nf6 14. b4 Bd7
15. Nc5 Be8 16. Ne5 Nfe4 17. Nxe4 dxe4 18. Be2 f6 19. Nc4 Nxc4 20. Bxc4+ Kh8
21. Rab1 f5 22. g3 Rc8 23. Rfc1 Bd7 24. Qd2 Qd6 25. Rd1 b6 26. b5 cxb5 27. Bxb5
Be6 28. Rdc1 Qa3 29. d5 Rxc1+ 30. Rxc1 Bxd5 31. Rc7 Bxa2 32. Qd7 Qb2 33. Rxa7
Kh7 34. Qc6 Bb1 35. Qd6 Rc8 36. Qd5 Rc5 37. Qf7 Ba2 38. Rxa2 Qxb5 39. Kg2 Rc1
40. Re2 Rd1 41. h4 Qxe2 42. Qxf5+ Kg8 43. Qe6+ Kf8 44. Qc8+ Ke7 45. Qc7+ Ke6
46. Qc6+ Rd6 47. Qxe4+ Kf7 48. Qf5+ Rf6 49. Qd5+ Re6 50. Qd7+ Kf6 51. Qd4+ Kg6
52. Qd5 Qg4 53. h5+ Kf6 54. f3 Qf5 55. Qd8+ Kf7 56. g4 Qf6 0-1

[Event "Memorial  Emil  Macarie"]
[Site "PLOIESTI"]
[Date "2003.12.01"]
[Round "3.5"]
[White "Dobre, Claudiu Cristian"]
[Black "Miron, Lucian Costin"]
[Result "1/2-1/2"]
[WhiteElo "2154"]
[BlackElo "2169"]
[Annotator "AL"]
[PlyCount "101"]
[EventDate "2003.12.01"]
[EventType "tourn"]
[EventRounds "4"]
[EventCountry "ROM"]

1. d4 Nf6 2. c4 g6 3. Nc3 Bg7 4. e4 d6 5. g3 O-O 6. Bg2 e5 7. d5 a5 8. Nge2
Nbd7 9. h3 Nc5 10. Bg5 h6 11. Be3 c6 12. O-O Rb8 13. a3 Na6 14. Rb1 b5 15. cxb5
cxb5 16. b4 a4 17. Qd3 Nc7 18. h4 Nd7 19. Rbc1 f6 20. Rc2 Nb6 21. Bxb6 Rxb6 22.
Rfc1 Rb7 23. f4 g5 24. f5 Bd7 25. g4 Re8 26. Ng3 Qb8 27. Bf1 Kf7 28. Qd2 Na8
29. Nd1 Rc7 30. Rxc7 Nxc7 31. Nf2 Rc8 32. Nd3 Na6 33. Rxc8 Qxc8 34. Qc1 Qb7 35.
Kf2 Bf8 36. Kf3 Be7 37. Ne2 Bd8 38. Nc3 Bb6 39. Nd1 Bd4 40. Ne1 Qc7 41. Qxc7
Nxc7 42. Nc2 Bb6 43. Nc3 Ke7 44. Bd3 Be8 45. Kg3 Kd8 46. Kf3 Kc8 47. Kg3 Kb7
48. Kf3 h5 49. Kg3 gxh4+ 50. Kxh4 hxg4 51. Kxg4 1/2-1/2

[Event "Memorial  Emil  Macarie"]
[Site "PLOIESTI"]
[Date "2003.12.05"]
[Round "4.2"]
[White "Mosnegutu, Klauss"]
[Black "Dobre, Claudiu Cristian"]
[Result "0-1"]
[WhiteElo "2152"]
[BlackElo "2154"]
[Annotator "AL"]
[PlyCount "110"]
[EventDate "2003.12.01"]
[EventType "tourn"]
[EventRounds "4"]
[EventCountry "ROM"]

1. d4 c6 2. e4 d5 3. exd5 cxd5 4. Nf3 Bg4 5. c3 Qc7 6. h3 Bh5 7. Qa4+ Nc6 8.
Ne5 f6 9. Nxc6 bxc6 10. c4 e6 11. Nc3 Bf7 12. Bf4 Bd6 13. Bxd6 Qxd6 14. c5 Qc7
15. Bd3 Ne7 16. Qc2 Bg6 17. Bxg6+ Nxg6 18. g3 O-O 19. O-O-O e5 20. h4 e4 21. h5
Ne7 22. Qa4 Nf5 23. Ne2 Rab8 24. Nf4 Rfe8 25. Rhe1 e3 26. Qc2 Re4 27. f3 Nxd4
28. Qg2 Rxf4 29. gxf4 Nf5 30. Qg4 Qc8 31. Re2 Qe6 32. Rd3 d4 33. b3 Rb5 34. Kb2
Rxc5 35. Qg1 Qd5 36. h6 g6 37. Rg2 Kf7 38. Qd1 Rb5 39. Rc2 c5 40. a4 Rb7 41.
Ka2 Nd6 42. Ka3 a5 43. Rxe3 c4 44. bxc4 Nxc4+ 45. Rxc4 Qxc4 46. Rb3 Qc5+ 47.
Ka2 Rb4 48. Rxb4 Qxb4 49. Qb3+ Qxb3+ 50. Kxb3 Ke6 51. Kc4 Kf5 52. Kxd4 Kxf4 53.
Kc5 Kxf3 54. Kb5 g5 55. Kxa5 g4 0-1

[Event "Memorial  Emil  Macarie"]
[Site "PLOIESTI"]
[Date "2003.12.06"]
[Round "5.4"]
[White "Dobre, Claudiu Cristian"]
[Black "Stoicescu, Horia"]
[Result "1/2-1/2"]
[WhiteElo "2154"]
[BlackElo "2040"]
[Annotator "AL"]
[PlyCount "54"]
[EventDate "2003.12.01"]
[EventType "tourn"]
[EventRounds "4"]
[EventCountry "ROM"]

1. d4 e6 2. c4 f5 3. g3 Nf6 4. Bg2 Be7 5. Nd2 O-O 6. Nh3 d6 7. Nf3 Ne4 8. O-O
Bf6 9. Ne1 Nc6 10. f3 Ng5 11. Nxg5 Bxg5 12. f4 Bf6 13. Nc2 d5 14. c5 a5 15. b3
b6 16. Ba3 Rf7 17. e3 Ba6 18. Rf2 Na7 19. Bf1 Bxf1 20. Qxf1 Qd7 21. cxb6 cxb6
22. Ne1 Nb5 23. Bb2 Rc8 24. Rc1 Rxc1 25. Bxc1 Rf8 26. Rc2 Nd6 27. Ba3 Rc8
1/2-1/2

[Event "Memorial  Emil  Macarie"]
[Site "PLOIESTI"]
[Date "2003.12.07"]
[Round "6.3"]
[White "Sandulescu, Gheorghe"]
[Black "Dobre, Claudiu Cristian"]
[Result "0-1"]
[WhiteElo "2019"]
[BlackElo "2154"]
[Annotator "AL"]
[PlyCount "26"]
[EventDate "2003.12.01"]
[EventType "tourn"]
[EventRounds "4"]
[EventCountry "ROM"]

1. d4 c6 2. c4 d5 3. Nc3 e6 4. e4 dxe4 5. Nxe4 Nf6 6. Nc3 Bd6 7. Nf3 Nbd7 8.
Bd3 O-O 9. O-O e5 10. Bg5 exd4 11. Ne4 Be7 12. Re1 h6 13. Bh4 c5 {.......} 0-1

[Event "Memorial  Emil  Macarie"]
[Site "PLOIESTI"]
[Date "2003.12.09"]
[Round "7.3"]
[White "Dobre, Claudiu Cristian"]
[Black "Adoamnei, Roxana-Antonela"]
[Result "1-0"]
[WhiteElo "2154"]
[BlackElo "2061"]
[Annotator "AL"]
[PlyCount "55"]
[EventDate "2003.12.01"]
[EventType "tourn"]
[EventRounds "4"]
[EventCountry "ROM"]

1. d4 d6 2. Nf3 Bg4 3. e4 Nf6 4. Nc3 c6 5. Be3 Nbd7 6. Be2 Bxf3 7. Bxf3 e5 8.
O-O Be7 9. a4 a5 10. Be2 O-O 11. Bc4 Nxe4 12. Nxe4 d5 13. Bxd5 cxd5 14. Nc3 Ra6
15. dxe5 Nxe5 16. Qxd5 Ng4 17. Bf4 Rb6 18. Rad1 Qc8 19. Qd7 Bf6 20. h3 Qxd7 21.
Rxd7 Ne5 22. Bxe5 Bxe5 23. Nb5 Bxb2 24. c3 f5 25. Rb1 Rxb5 26. axb5 Bxc3 27.
Rxb7 Bd4 28. b6 1-0

[Event "Memorial  Emil  Macarie"]
[Site "PLOIESTI"]
[Date "2003.12.13"]
[Round "9.2"]
[White "Dobre, Claudiu Cristian"]
[Black "Stanculescu, Claudiu"]
[Result "1/2-1/2"]
[WhiteElo "2154"]
[BlackElo "2082"]
[Annotator "AL"]
[PlyCount "89"]
[EventDate "2003.12.01"]
[EventType "tourn"]
[EventRounds "4"]
[EventCountry "ROM"]

1. d4 Nf6 2. c4 g6 3. Nc3 d5 4. Bf4 Bg7 5. e3 c5 6. dxc5 Qa5 7. Qa4+ Qxa4 8.
Nxa4 Na6 9. Rc1 Bd7 10. Nc3 dxc4 11. Bxc4 Nxc5 12. Nf3 O-O 13. O-O a6 14. Rfd1
b5 15. Bd5 Rac8 16. Ne5 b4 17. Ne2 Nxd5 18. Rxd5 Bb5 19. Rdxc5 Rxc5 20. Rxc5
Bxe2 21. Nc6 h5 22. Nxe7+ Kh7 23. Nd5 Rd8 24. e4 Bd3 25. e5 Bf8 26. Nf6+ Kg7
27. Rc1 Bc4 28. b3 Be2 29. f3 Rd1+ 30. Kf2 Rxc1 31. Bxc1 Bd3 32. Ke3 Bb1 33.
Kd2 Bc5 34. Bb2 Kh6 35. Kc1 Bd3 36. Kd2 Bf1 37. g4 hxg4 38. fxg4 Bg2 39. h4 g5
40. h5 Bf3 41. Kd3 Bb6 42. Bd4 Bd8 43. Ke3 Bd1 44. Kd2 Bf3 45. Ke3 1/2-1/2

[Event "Master Open"]
[Site "Ploiesti"]
[Date "2003.05.31"]
[Round "2"]
[White "Barbu, Nicolae"]
[Black "Dobre, Claudiu Cristian"]
[Result "1/2-1/2"]
[WhiteElo "2230"]
[BlackElo "2166"]
[PlyCount "101"]
[EventDate "2003.05.30"]
[EventType "swiss"]
[EventRounds "9"]
[EventCountry "ROM"]
[Source "Roberto Alvarez"]
[SourceDate "2003.07.28"]

1. e4 c6 2. d4 d5 3. Nc3 dxe4 4. Nxe4 Bf5 5. Ng3 Bg6 6. Nf3 Nd7 7. h4 h6 8. h5
Bh7 9. Bd3 Bxd3 10. Qxd3 Qc7 11. Bd2 e6 12. c4 Ngf6 13. O-O-O O-O-O 14. Qe2 Bd6
15. Ne4 Nxe4 16. Qxe4 Be7 17. Bf4 Bd6 18. Kb1 Kb8 19. Rhe1 Ka8 20. Ne5 Nxe5 21.
Bxe5 Bxe5 22. Qxe5 Qxe5 23. Rxe5 Kb8 24. b4 Kc7 25. a4 Rd6 26. Kc2 Kd7 27. Kc3
Ke7 28. g4 Rhd8 29. Ra5 a6 30. Re5 R6d7 31. f4 Rd6 32. f5 f6 33. Rxe6+ Rxe6 34.
fxe6 Kxe6 35. Re1+ Kf7 36. b5 axb5 37. axb5 cxb5 38. cxb5 Rd5 39. Kc4 Rg5 40.
Re4 f5 41. Rf4 Rxg4 42. Rxf5+ Ke6 43. Rc5 Kd6 44. b6 Rg1 45. Kd3 Rd1+ 46. Ke4
Re1+ 47. Kf5 Rg1 48. Rc7 Rg5+ 49. Ke4 Rxh5 50. Rxg7 Rh4+ 51. Ke3 1/2-1/2

[Event "Master Open"]
[Site "Ploiesti"]
[Date "2003.06.03"]
[Round "5"]
[White "Popa, Marian"]
[Black "Dobre, Claudiu Cristian"]
[Result "0-1"]
[WhiteElo "2034"]
[BlackElo "2166"]
[PlyCount "64"]
[EventDate "2003.05.30"]
[EventType "swiss"]
[EventRounds "9"]
[EventCountry "ROM"]
[Source "Roberto Alvarez"]
[SourceDate "2003.07.28"]

1. d4 d5 2. c4 e6 3. Nc3 Nf6 4. cxd5 exd5 5. Qc2 c6 6. Bg5 Na6 7. a3 Nc7 8. e3
Ne6 9. Bh4 Be7 10. Bd3 g6 11. Nf3 O-O 12. O-O Ng7 13. b4 Bf5 14. Ne5 Nd7 15.
Bxe7 Qxe7 16. Nxd7 Qxd7 17. Rfc1 Bxd3 18. Qxd3 f5 19. b5 f4 20. bxc6 bxc6 21.
exf4 Rxf4 22. g3 Rf6 23. Na4 Raf8 24. f4 g5 25. fxg5 Rf3 26. Qd2 Qh3 27. Nc5
Rf2 28. Qxf2 Rxf2 29. Kxf2 Qxh2+ 30. Kf3 Nf5 31. Kg4 Qf2 32. Nd7 Ne3+ 0-1

[Event "Master Open"]
[Site "Ploiesti"]
[Date "2003.06.05"]
[Round "7"]
[White "Dobre, Claudiu Cristian"]
[Black "Bondoc, Dan Vladimir"]
[Result "1/2-1/2"]
[WhiteElo "2166"]
[BlackElo "2275"]
[PlyCount "103"]
[EventDate "2003.05.30"]
[EventType "swiss"]
[EventRounds "9"]
[EventCountry "ROM"]
[Source "Roberto Alvarez"]
[SourceDate "2003.07.28"]

1. d4 Nf6 2. c4 c5 3. d5 b5 4. f3 d6 5. e4 g6 6. cxb5 Bg7 7. Ne2 O-O 8. Nec3 a6
9. Na3 e6 10. Bc4 exd5 11. Nxd5 Be6 12. b6 Ne8 13. Qb3 Nc6 14. O-O Rb8 15. Qa4
Nb4 16. Nxb4 cxb4 17. Qxb4 Rxb6 18. Qd2 Nc7 19. Rb1 Nb5 20. Bxb5 axb5 21. b3
Ra6 22. Bb2 Qb6+ 23. Kh1 Bxb2 24. Qxb2 Rfa8 25. Nc2 Rxa2 26. Qc3 Rc8 27. Qd4
Qc5 28. Qxc5 dxc5 29. Rf2 Rd8 30. Kg1 b4 31. f4 Rd3 32. Nxb4 Rxb3 33. Rxb3 Ra1+
34. Rf1 Rxf1+ 35. Kxf1 Bxb3 36. Nc6 Bc2 37. e5 Be4 38. Ne7+ Kf8 39. Nc8 c4 40.
g3 c3 41. Ke2 h5 42. Nd6 c2 43. Kd2 Bd3 44. Nc8 Ke8 45. Nb6 Ke7 46. Nd5+ Ke6
47. Ne3 f6 48. exf6 Kxf6 49. Nxc2 Bxc2 50. Kxc2 Kf5 51. Kd3 Kg4 52. Ke4 1/2-1/2

[Event "Master Open"]
[Site "Ploiesti"]
[Date "2003.06.06"]
[Round "8"]
[White "Miron, Lucian Costin"]
[Black "Dobre, Claudiu Cristian"]
[Result "1-0"]
[WhiteElo "2167"]
[BlackElo "2166"]
[PlyCount "81"]
[EventDate "2003.05.30"]
[EventType "swiss"]
[EventRounds "9"]
[EventCountry "ROM"]
[Source "Roberto Alvarez"]
[SourceDate "2003.07.28"]

1. e4 c6 2. d4 d5 3. e5 Bf5 4. Nc3 e6 5. g4 Bg6 6. Nge2 Nd7 7. Be3 Ne7 8. Nf4
c5 9. h4 h5 10. gxh5 Bf5 11. Bd3 Bxd3 12. Qxd3 Nc6 13. Nxe6 Qa5 14. Nxf8 Kxf8
15. Kf1 cxd4 16. Bxd4 Qb4 17. Rd1 Ncxe5 18. Bxe5 Nxe5 19. Qxd5 Rxh5 20. Qd6+
Qxd6 21. Rxd6 Ke7 22. Rd5 Rd8 23. Rb5 Rd2 24. f4 Rxc2 25. fxe5 Rf5+ 26. Ke1
Rff2 27. Rxb7+ Ke6 28. Rf1 Rh2 29. Rfxf7 Rh1+ 30. Rf1 Rxh4 31. Kd1 Rhh2 32.
Rff7 Kxe5 33. Rfe7+ Kf5 34. Re2 Rcxe2 35. Nxe2 g5 36. Rxa7 g4 37. Ra3 Rh1+ 38.
Kd2 Rb1 39. Rb3 Ra1 40. a3 Rb1 41. Kc2 1-0

[Event "Master Open"]
[Site "Ploiesti"]
[Date "2003.06.07"]
[Round "9"]
[White "Dobre, Claudiu Cristian"]
[Black "Pogorevici, Leonid"]
[Result "1/2-1/2"]
[WhiteElo "2166"]
[BlackElo "2097"]
[PlyCount "27"]
[EventDate "2003.05.30"]
[EventType "swiss"]
[EventRounds "9"]
[EventCountry "ROM"]
[Source "Roberto Alvarez"]
[SourceDate "2003.07.28"]

1. d4 d5 2. e3 e6 3. Bd3 Nf6 4. Nd2 Be7 5. Ngf3 Nbd7 6. O-O O-O 7. Qe2 b6 8. e4
dxe4 9. Nxe4 Bb7 10. Neg5 c5 11. c3 g6 12. Bd2 Nh5 13. Rfe1 Ng7 14. Be4 1/2-1/2

[Event "Sf._B18"]
[Site "Buzias"]
[Date "2002.03.24"]
[Round "9.4"]
[White "Dobre, Claudiu Cristian"]
[Black "Ionesi, Cristian"]
[Result "0-1"]
[WhiteElo "2002"]
[BlackElo "2148"]
[PlyCount "60"]
[EventDate "2003.03.18"]
[EventRounds "9"]
[EventCountry "ROM"]

1. d4 Nf6 2. c4 g6 3. Nc3 Bg7 4. e4 d6 5. h3 O-O 6. Bg5 c5 7. d5 b5 8. cxb5 a6
9. a4 Qa5 10. Bd2 Qb4 11. Bd3 c4 12. Bc2 Qxb2 13. Nce2 Nxe4 14. Rb1 Qe5 15. Bf4
Qxf4 16. Nxf4 Nc3 17. Qc1 axb5 18. Nge2 Nxb1 19. Qxb1 bxa4 20. O-O a3 21. Nc1
Nd7 22. Na2 Rb8 23. Qd1 Rb2 24. Bb1 Nc5 25. Ne2 Bf5 26. Bxf5 Rxa2 27. Bc2 Rb2
28. Nc1 Rfb8 29. Re1 Nb3 30. Rxe7 Nxc1 0-1